000 00873nam0a22002411 4500
001 rc\2765239
005 20250529153812.0
035 _a(NLR Aleph) 006891735
090 _a7154077
_c7154077
100 _a20110915d1940 |||y0rusy50 ca
101 0 _arus
102 _aRU
105 _ay z |||||
200 1 _aСоветское законодательство об обязательном экземпляре
_fМ. А. Годкевич
_gВсесоюз. книжная палата
210 _aМосква
_cБ. и.
_d[1940]
215 _a[3], 78-102 с.
_d22 см.
300 _aОтт. из "Советской библиографии" № 1 (18) 1940 г.
700 1 _aГодкевич
_bМ.А.
_f1896-1941
_gМихаил Абрамович
801 0 _aRU
_bNLR
_gpsbo
801 1 _aRU
_bELAR
_2rusmarc
852 _aNLR
_jБ К2795/Г591
942 _cBOOK
980 _aNB